000 00768nam a2200241Ia 4500
003 OSt
005 20220925223536.0
006 a|||||r|||| 00| 0
007 ta
008 220923b |||||||| |||| 00| 0 eng d
020 _a9780415610230
_c467.5
037 _b33667, 12/12/2011, Segment Book Distrobutors
_cGeneral Book
040 _aRTL
_cRTL
_beng
041 _2eng
_aeng
082 _aRxN02:g(W), P8
100 _aPopper Karl
245 0 _aAfter the open society
_b Selected social and political writings
260 _aLondon
_bRoutledge
_c2008
300 _axxxiv, 493p
_ccm.
650 _aSociology
942 _hRxN02:g(W), P8
_cGB
_2CC
999 _c579851
_d579851